| 000 | 00574nam a2200181Ia 4500 | ||
|---|---|---|---|
| 999 |
_c12494 _d12494 |
||
| 003 | OSt | ||
| 005 | 20201028102708.0 | ||
| 008 | 190216s9999||||xx |||||||||||||| ||und|| | ||
| 020 | _a034016123 | ||
| 040 | _coclc | ||
| 082 |
_a823.914 _bCLI/R |
||
| 100 |
_aClifford, Francis _96117 |
||
| 245 | 0 |
_aReader`s Digest Condensed Books / _cFrancis Clifford ; Arthur Hailey ; Roger Bourgeon |
|
| 260 |
_bHodder Ans Stoughton, _c1978. _aLondon: |
||
| 300 | _a543p | ||
| 650 | _aEnglish Novel-English Novel | ||
| 942 |
_cBK _2ddc _h823.914 _iCLI/R _k823.914 _mCLI/R |
||